Perspectivas sobre la conducta anormal
Gespeichert in:
| 1. Verfasser: | |
|---|---|
| Format: | Buch |
| Sprache: | Spanisch |
| Veröffentlicht: |
Ciudad de México
Interamericana
1981
|
| Schlagworte: | |
| Tags: |
Tag hinzufügen
Keine Tags, Fügen Sie den ersten Tag hinzu!
|
MARC
| LEADER | 00000nam a2200000 a 4500 | ||
|---|---|---|---|
| 001 | UCY0347 | ||
| 003 | CL-VaPUC | ||
| 008 | 940725e19810000MX |||||||||||||||||spa|d | ||
| 082 | 0 | 4 | |a 616.89 |b PRI |2 21 |
| 100 | 0 | |a Price, Richard H |e author |9 328004 | |
| 245 | 1 | 0 | |a Perspectivas sobre la conducta anormal |
| 300 | |a 217 p | ||
| 942 | |c BK | ||
| 945 | |d 19940725 00:00:00 |a rbrito | ||
| 260 | |a Ciudad de México |b Interamericana |c 1981 | ||
| 650 | 7 | |a CONDUCTA DESVIADA |2 CL-VaPUC |9 312440 | |
| 650 | 0 | |a Conducta |9 269782 | |
| 650 | 0 | |a Psicoanálisis |9 265702 | |
| 583 | |a last modification |c 19940725 00:00:00 |k Rodrigo Vera | ||
| 999 | |c 229362 |d 229360 | ||
| 952 | |0 0 |1 0 |4 0 |6 616_890000000000000_PRI_1981 |7 0 |8 P |9 230394 |a BIBEDU |b BIBEDU |c BIBEDU_PB |d 2019-11-15 |i 2996081 |o 616.89 PRI 1981 |p 2996081 |r 2019-11-15 |w 2019-11-15 |y BK |k EDU | ||
| 952 | |0 0 |1 0 |4 0 |6 616_890000000000000_PRI_1981 |7 0 |8 P |9 230395 |a BIBEDU |b BIBEDU |c BIBEDU_PB |d 2019-11-15 |i 1513567 |o 616.89 PRI 1981 |p 1513567 |r 2019-11-15 |w 2019-11-15 |y BK |k EDU | ||